| 000 | 01456cam a2200397 a 4500 | ||
|---|---|---|---|
| 001 | 4926263 | ||
| 003 | OSt | ||
| 005 | 20140310182712.0 | ||
| 008 | 950721s1995 nyua b 001 0deng | ||
| 010 | _a 95036422 | ||
| 020 | _a0684815443 | ||
| 040 |
_aDLC _cDLC _dDLC |
||
| 043 | _ae-uk--- | ||
| 050 | 0 | 0 |
_aDA28.35 _b.Sp765 1995 |
| 082 | 0 | 0 |
_aM 941.080922 _bSp6 1995 |
| 100 | 1 |
_aSpoto, Donald, _d1941- |
|
| 245 | 1 | 4 |
_aThe Decline and Fall of the House of Windsor _cSpoto, Donald |
| 246 | 3 | 0 | _aHouse of Windsor |
| 260 |
_aNew York _bSimon & Schuster _cc1995 |
||
| 300 |
_a474 p. _bill. _c25 cm. |
||
| 504 | _aIncludes bibliographical references (p. [443]-453) and index. | ||
| 521 | _aHigh School to College Student | ||
| 526 | _c0L-1700L | ||
| 541 | _j1 | ||
| 562 | _eFor circulation. 1 copy available in the collection | ||
| 600 | 3 | 0 | _aWindsor, House of. |
| 600 | 0 | 0 |
_aVictoria, _cQueen of Great Britain, _d1819-1901 _xFamily. |
| 650 | 0 |
_aMonarchy _zGreat Britain _xHistory _y20th century. |
|
| 650 | 0 |
_aMonarchy _zGreat Britain _xHistory _y19th century. |
|
| 650 | 0 |
_aPrincesses _zGreat Britain _xBiography. |
|
| 650 | 0 |
_aPrinces _zGreat Britain _xBiography. |
|
| 651 | 0 |
_aGreat Britain _xKings and rulers _xBiography. |
|
| 906 |
_a7 _bcbc _corignew _d1 _eocip _f19 _gy-gencatlg |
||
| 942 |
_2lcc _cBK _kM |
||
| 999 |
_c15248 _d15248 |
||